| 000 | 00414nam a22001217a 4500 | ||
|---|---|---|---|
| 082 | _a200 THE | ||
| 100 |
_aSyed M.Hassan Abbas _970309 |
||
| 245 | _aTH-SOF-1702-An Early Detection Technique for the detection of Epilepsy using EEG signals | ||
| 260 |
_aISLAMABAD _bNUST COLLEGE OF EME _c2019 |
||
| 650 |
_aMS-COMPUTER ENGINEERING-85 MSTHESIS _969445 |
||
| 700 |
_aSupervisor DR. Arslan Shaukat _969860 |
||
| 942 | _cCF | ||
| 999 |
_c577300 _d577300 |
||